[Event "ESP-chT Primera Division 2019"]
[Site "Linares"]
[Date "2019.09.01"]
[Round "7.18"]
[White "Garcia-Castany Musellas, Gal.la"]
[Black "Oliva Castaneda, Kevel"]
[Result "0-1"]
[WhiteElo "2149"]
[BlackElo "2479"]
[Annotator "ChessBase"]
[PlyCount "92"]
[EventDate "2019.08.26"]
[EventType "team-tourn"]
[EventCountry "ESP"]
[SourceTitle "playchess.com"]
[Source "ChessBase"]
[SourceQuality "1"]
[TimeControl "5400+30"]

1. e4 {[%emt 0:00:00]} e5 {[%emt 0:00:00]} 2. Nf3 {[%emt 0:00:00]} Nc6 {[%emt 0:00:00]} 3. Bb5 {[%emt 0:00:00]} a6 {[%emt 0:00:00]} 4. Ba4 {[%emt 0:00:00]} Nf6 {[%emt 0:00:00]} 5. d3 {[%emt 0:00:14]} d6 {[%emt 0:04:43]} 6. c3 {[%emt 0:00:35]} g6 {[%emt 0:00:25]} 7. O-O {[%emt 0:03:01]} Bg7 {[%emt 0:00:04]} 8. Nbd2 {[%emt 0:00:47]} O-O {[%emt 0:00:21]} 9. Re1 {[%emt 0:07:08]} b5 {[%emt 0:01:23]} 10. Bc2 {[%emt 0:02:06]} Re8 {[%emt 0:00:34]} 11. Nf1 {[%emt 0:00:57]} h6 {[%emt 0:00:09]} 12. h3 {[%emt 0:00:25]} Bb7 {[%emt 0:00:16]} 13. a4 {[%emt 0:02:08]} d5 {[%emt 0:00:37]} 14. axb5 {[%emt 0:02:27]} axb5 {[%emt 0:00:06]} 15. Rxa8 {[%emt 0:00:10]} Qxa8 {[%emt 0:01:08]} 16. Ne3 {[%emt 0:07:04]} d4 {[%emt 0:06:18]} 17. Ng4 {[%emt 0:03:11]} Nxg4 {[%emt 0:00:11]} 18. hxg4 {[%emt 0:00:05]} Qa1 {[%emt 0:04:03]} 19. cxd4 {[%emt 0:11:30]} exd4 {[%emt 0:00:11]} 20. Bb3 {[%emt 0:00:48]} Na5 {[%emt 0:04:18]} 21. Nh4 {[%emt 0:08:25]} c5 {[%emt 0:04:47]} 22. Bd5 {[%emt 0:09:10]} Bxd5 {[%emt 0:01:15]} 23. exd5 {[%emt 0:00:04]} Rxe1+ {[%emt 0:00:22]} 24. Qxe1 {[%emt 0:00:01]} Nb3 {[%emt 0:00:08]} 25. Qe8+ {[%emt 0:07:18]} Bf8 {[%emt 0:03:51]} 26. Nxg6 {[%emt 0:02:46]} Qxc1+ {[%emt 0:00:06]} 27. Kh2 {[%emt 0:00:03]} fxg6 {[%emt 0:00:06]} 28. Qxg6+ {[%emt 0:00:20]} Kh8 {[%emt 0:00:19]} 29. Qf7 {[%emt 0:00:54]} Bd6+ {[%emt 0:00:13]} 30. g3 {[%emt 0:00:48]} Qg5 {[%emt 0:00:25]} 31. Qe6 {[%emt 0:05:31]} Qe7 {[%emt 0:00:12]} 32. Qg6 {[%emt 0:01:38]} c4 {[%emt 0:00:50]} 33. Kg2 {[%emt 0:00:23]} Qf8 {[%emt 0:00:05]} 34. dxc4 {[%emt 0:02:32]} bxc4 {[%emt 0:00:15]} 35. Qc2 {[%emt 0:00:04]} Qc8 {[%emt 0:02:40]} 36. Qg6 {[%emt 0:00:08]} Bf8 {[%emt 0:00:07]} 37. g5 {[%emt 0:06:03]} hxg5 {[%emt 0:00:23]} 38. Qxg5 {[%emt 0:04:02]} d3 {[%emt 0:01:16]} 39. Qf6+ {[%emt 0:09:22]} Bg7 {[%emt 0:00:15]} 40. Qh4+ {[%emt 0:00:03]} Kg8 {[%emt 0:00:07]} 41. d6 {[%emt 0:00:05]} d2 {[%emt 0:01:04]} 42. d7 {[%emt 0:01:08]} Qxd7 {[%emt 0:00:11]} 43. Qxc4+ {[%emt 0:00:07]} Qf7 {[%emt 0:00:06]} 44. Qc8+ {[%emt 0:00:43]} Kh7 {[%emt 0:00:20]} 45. Qc2+ {[%emt 0:00:12]} Kh6 {[%emt 0:00:06]} 46. f4 {[%emt 0:04:39]} Qd5+ {[%emt 0:00:08]} 0-1

[Event "ESP-chT Primera Division 2019"]
[Site "Linares"]
[Date "2019.09.01"]
[Round "7.19"]
[White "Andersen, Mads"]
[Black "Vallejo Pons, Francisco"]
[Result "1/2-1/2"]
[WhiteElo "2603"]
[BlackElo "2678"]
[Annotator "TA"]
[PlyCount "66"]
[EventDate "2019.08.26"]
[EventType "team-tourn"]
[EventCountry "ESP"]
[SourceTitle "playchess.com"]
[Source "ChessBase"]
[SourceQuality "1"]

{[%evp 9,66,11,26,10,21,10,35,10,12,5,18,4,19,0,0,0,0,0,0,0,-2,-5,6,3,12,-2,0,0,0,0,0,16,18,0,25,-6,0,0,0,0,0,0,7,0,3,-7,-7,-4,0,-21,-8,-8,-8,-9,-10,-14,-7,-3,-4]} 1. c4 e5 2. Nc3 Bb4 3. Nd5 Bc5 4. Nf3 c6 5. Nc3 d6 6. e3 {A21: English Opening: 1...e5 2 Nc3} (6. d4 exd4 7. Nxd4 Nf6 8. a3 d5 9. cxd5 Nxd5 10. Nb3 Bb6 11. Nxd5 cxd5 12. g3 Nc6 {1-0 (41) So,W (2765)-Saric,I (2690) chess.com INT 2019}) 6... Qe7 7. d4 Bb4 8. Bd2 {White is slightly better.} Nf6 9. Be2 O-O 10. O-O Ba5 $146 ({Predecessor:} 10... Bg4 11. d5 Bxc3 12. Bxc3 Ne4 {½-½ (21) Ghaem Maghami,E (2569)-Sokolov,I (2642) Guilan 2016}) 11. Qc2 Bg4 12. dxe5 dxe5 13. Ne4 Bxd2 14. Nxf6+ $1 Qxf6 15. Qxd2 Na6 16. h3 Bh5 17. Qc3 Rfe8 18. Rfd1 Qe7 19. a3 f6 20. Rac1 Rad8 21. Kf1 Bf7 22. Ke1 c5 {The position is equal.} 23. Rxd8 Rxd8 24. Rd1 Rxd1+ 25. Bxd1 b6 26. Nd2 Nc7 27. h4 Ne8 28. Bf3 f5 29. g3 e4 30. Be2 Nf6 31. b4 Nd7 32. Nb3 Qd6 33. bxc5 Nxc5 {Accuracy: White = 58%, Black = 58%.} 1/2-1/2

[Event "ESP-chT Primera Division 2019"]
[Site "Linares"]
[Date "2019.09.01"]
[Round "7.20"]
[White "Alekseenko, Kirill"]
[Black "Salgado Lopez, Ivan"]
[Result "1/2-1/2"]
[WhiteElo "2668"]
[BlackElo "2596"]
[Annotator "TA"]
[PlyCount "95"]
[EventDate "2019.08.26"]
[EventType "team-tourn"]
[EventCountry "ESP"]
[SourceTitle "playchess.com"]
[Source "ChessBase"]
[SourceQuality "1"]

{[%evp 30,95,18,18,43,16,9,21,12,20,22,13,19,0,43,0,0,-12,0,-5,11,11,12,18,10,11,11,11,12,13,20,13,12,31,26,29,20,24,45,11,30,8,20,0,0,0,0,0,12,0,0,0,8,8,8,0,0,0,8,8,8,0,0,0,8,0,0,0]} 1. e4 c5 2. Nf3 Nc6 3. d4 cxd4 4. Nxd4 Nf6 5. Nc3 d6 6. Bg5 e6 7. Qd2 a6 8. O-O-O Bd7 9. f4 Be7 10. Nf3 b5 11. Bxf6 gxf6 12. f5 Qb6 13. Kb1 O-O-O 14. fxe6 fxe6 15. g3 Kb8 16. Bh3 Na5 {B69: Sicilian: Richter-Rauzer: 7...a6 8 0-0-0 Bd7 9 f4 Be7 10 Nf3 b5 11 Bxf6} 17. Nd4 $146 (17. Rhe1 b4 18. Ne2 e5 19. Bxd7 Rxd7 20. Qd5 Rc8 21. b3 Rdc7 22. Rd2 Nc6 23. Nh4 Na7 24. Nf5 {0-1 (60) Le,Q (2715)-Gupta,A (2588) Douglas 2018}) 17... b4 $1 {[%cal Rb4c3]} 18. Nce2 e5 19. Bxd7 Rxd7 20. Nf5 Nc4 21. Qd3 Rc8 22. Ka1 Bf8 23. Rc1 d5 24. exd5 Qb5 25. Rhd1 Rcd8 {[%cal Rd7d5]} 26. b3 Nb6 {[%cal Rb6d5]} 27. c4 bxc3 $1 28. Nxc3 Qxd3 29. Rxd3 Nxd5 {[#] White must now prevent ...Ba3.} 30. Rcd1 {[%cal Rd3d5]} Nb6 31. Rxd7 Rxd7 32. Rxd7 Nxd7 $11 {[%mdl 4096] Endgame KBN-KNN} 33. Kb2 Kb7 34. Kc2 Kc6 35. Kd3 Bb4 {The position is equal.} 36. Na4 Kd5 37. Ne3+ Ke6 38. g4 Bf8 39. Ke4 h5 {[#] Threatens to win with ...hxg4.} 40. h3 hxg4 41. hxg4 Bd6 42. Nc4 Bc5 43. Nab2 Nf8 44. Nd3 Be7 45. Nd2 Nd7 46. Nc4 Nf8 47. Nd2 Nd7 48. Nc4 {Accuracy: White = 46%, Black = 82%.} 1/2-1/2

[Event "ESP-chT Primera Division 2019"]
[Site "Linares"]
[Date "2019.09.01"]
[Round "7.21"]
[White "Martins, David Pires Tavares"]
[Black "Sarana, Alexey"]
[Result "0-1"]
[WhiteElo "2427"]
[BlackElo "2655"]
[Annotator "RC"]
[PlyCount "80"]
[EventDate "2019.08.26"]
[EventType "team-tourn"]
[EventCountry "ESP"]
[SourceTitle "playchess.com"]
[Source "ChessBase"]
[SourceQuality "1"]
[TimeControl "5400+30"]

1. Nf3 {[%emt 0:00:00]} d5 {[%emt 0:00:00]} 2. b3 {[%emt 0:00:00]} Nf6 {[%emt 0:00:02]} 3. Bb2 {[%emt 0:00:00]} c6 {[%emt 0:00:43]} 4. c4 {[%emt 0:00:02]} Bf5 {[%emt 0:01:37]} 5. g3 {[%emt 0:02:04]} e6 {[%emt 0:00:23]} 6. Bg2 {[%emt 0:00:19]} Nbd7 {[%emt 0:00:27]} 7. O-O {[%emt 0:01:13]} h6 {[%emt 0:00:06]} 8. d3 {[%emt 0:03:36]} Bc5 {[%emt 0:01:52]} 9. a3 {[%emt 0:01:59]} a5 {[%emt 0:00:20]} 10. Nbd2 {[%emt 0:00:48]} O-O {[%emt 0:00:11]} 11. Re1 {[%emt 0:05:03]} Bh7 {[%emt 0:00:52]} 12. Bh3 {[%emt 0:22:32]} Qe7 {[%emt 0:02:09]} 13. e4 {[%emt 0:02:01]} dxe4 {[%emt 0:00:30]} 14. dxe4 {[%emt 0:00:23]} Rfd8 {[%emt 0:03:58]} 15. Qe2 {[%emt 0:08:45]} Ba7 {[%emt 0:02:31]} 16. Bc3 {[%emt 0:08:09]} Bc5 {[%emt 0:06:53]} 17. Bb2 {[%emt 0:01:09]} Bb6 {[%emt 0:01:05]} 18. Ne5 {[%emt 0:07:10]} Nc5 {[%emt 0:02:17]} 19. Bg2 {[%emt 0:01:32]} Rxd2 {[%emt 0:01:38]} 20. Qxd2 {[%emt 0:00:05]} Nxb3 {[%emt 0:00:53]} 21. Qc3 {[%emt 0:02:21]} Nxa1 {[%emt 0:00:09]} 22. Nd3 {[%emt 0:00:11]} Bd4 {[%emt 0:02:58]} 23. Qxd4 {[%emt 0:01:00]} Nc2 {[%emt 0:00:03]} 24. Qc3 {[%emt 0:01:07]} Nxe1 {[%emt 0:00:04]} 25. Nxe1 {[%emt 0:00:12]} e5 {[%emt 0:01:43]} 26. f3 {[%emt 0:02:14]} Nd7 {[%emt 0:00:21]} 27. Nd3 {[%emt 0:00:19]} f6 {[%emt 0:00:07]} 28. c5 {[%emt 0:01:20]} Kh8 {[%emt 0:00:07]} 29. Bc1 {[%emt 0:00:23]} Nf8 {[%emt 0:00:31]} 30. Be3 {[%emt 0:01:59]} Ne6 {[%emt 0:00:10]} 31. a4 {[%emt 0:02:40]} Nd4 {[%emt 0:00:34]} 32. Kf2 {[%emt 0:01:22]} Rd8 {[%emt 0:01:35]} 33. Bf1 {[%emt 0:00:11]} Qc7 {[%emt 0:00:20]} 34. Nb2 {[%emt 0:00:20]} Bg8 {[%emt 0:00:31]} 35. Bc4 {[%emt 0:00:16]} b5 {[%emt 0:00:41]} 36. cxb6 {[%emt 0:01:27]} Qxb6 {[%emt 0:00:04]} 37. Bxg8 {[%emt 0:00:18]} Kxg8 {[%emt 0:01:06]} 38. Nd3 {[%emt 0:01:05]} Qb3 {[%emt 0:00:55]} 39. Qxa5 {[%emt 0:02:00]} Qc2+ {[%emt 0:00:36]} 40. Bd2 {[%emt 0:00:14]} Ne6 {[%emt 0:00:07]} 0-1

[Event "ESP-chT Primera Division 2019"]
[Site "Linares"]
[Date "2019.09.01"]
[Round "7.22"]
[White "Arizmendi Martinez, Julen Luis"]
[Black "Sousa, Andre Ventura"]
[Result "1/2-1/2"]
[WhiteElo "2512"]
[BlackElo "2362"]
[Annotator "ChessBase"]
[PlyCount "182"]
[EventDate "2019.08.26"]
[EventType "team-tourn"]
[EventCountry "ESP"]
[SourceTitle "playchess.com"]
[Source "ChessBase"]
[SourceQuality "1"]
[TimeControl "5400+30"]

1. e4 {[%emt 0:04:57]} e5 {[%emt 0:00:00]} 2. Nf3 {[%emt 0:00:12]} Nc6 {[%emt 0:00:00]} 3. d4 {[%emt 0:00:13]} exd4 {[%emt 0:00:00]} 4. Nxd4 {[%emt 0:00:04]} Qf6 {[%emt 0:01:13]} 5. Nf3 {[%emt 0:01:08]} Bb4+ {[%emt 0:02:21]} 6. c3 {[%emt 0:03:21]} Bc5 {[%emt 0:00:34]} 7. Bg5 {[%emt 0:17:06]} Qg6 {[%emt 0:05:16]} 8. Nbd2 {[%emt 0:01:17]} Nf6 {[%emt 0:05:22]} 9. Bc4 {[%emt 0:49:31]} O-O {[%emt 0:05:12]} 10. O-O {[%emt 0:06:32]} d6 {[%emt 0:19:53]} 11. b4 {[%emt 0:00:29]} Bb6 {[%emt 0:00:16]} 12. a4 {[%emt 0:03:41]} a6 {[%emt 0:02:35]} 13. b5 {[%emt 0:02:54]} Ne5 {[%emt 0:03:24]} 14. Bxf6 {[%emt 0:02:27]} Qxf6 {[%emt 0:01:53]} 15. bxa6 {[%emt 0:00:52]} bxa6 {[%emt 0:03:02]} 16. Nxe5 {[%emt 0:00:04]} Qxe5 {[%emt 0:00:03]} 17. Bd5 {[%emt 0:00:18]} Rb8 {[%emt 0:00:40]} 18. Qf3 {[%emt 0:00:11]} Qg5 {[%emt 0:02:16]} 19. Nc4 {[%emt 0:00:24]} Bc5 {[%emt 0:00:59]} 20. Rab1 {[%emt 0:00:21]} Be6 {[%emt 0:07:50]} 21. Rxb8 {[%emt 0:01:18]} Rxb8 {[%emt 0:00:06]} 22. e5 {[%emt 0:01:12]} Bxd5 {[%emt 0:04:12]} 23. Qxd5 {[%emt 0:00:05]} Qf5 {[%emt 0:00:04]} 24. g3 {[%emt 0:01:24]} h5 {[%emt 0:01:52]} 25. Kg2 {[%emt 0:01:34]} h4 {[%emt 0:05:04]} 26. h3 {[%emt 0:00:01]} Kh8 {[%emt 0:07:56]} 27. g4 {[%emt 0:01:15]} Qf4 {[%emt 0:00:14]} 28. exd6 {[%emt 0:00:19]} cxd6 {[%emt 0:00:41]} 29. Nd2 {[%emt 0:00:31]} Re8 {[%emt 0:03:52]} 30. Nf3 {[%emt 0:00:40]} Re2 {[%emt 0:02:36]} 31. Qh5+ {[%emt 0:00:34]} Kg8 {[%emt 0:00:20]} 32. Qxh4 {[%emt 0:00:02]} Qxa4 {[%emt 0:00:05]} 33. Qd8+ {[%emt 0:00:58]} Re8 {[%emt 0:00:22]} 34. Qc7 {[%emt 0:00:24]} Qc2 {[%emt 0:02:05]} 35. Qc6 {[%emt 0:00:12]} Re2 {[%emt 0:00:46]} 36. Nd4 {[%emt 0:00:46]} Bxd4 {[%emt 0:00:58]} 37. Qa8+ {[%emt 0:00:01]} Kh7 {[%emt 0:00:04]} 38. cxd4 {[%emt 0:00:04]} Qc4 {[%emt 0:01:14]} 39. Qf3 {[%emt 0:00:43]} Re7 {[%emt 0:02:03]} 40. Ra1 {[%emt 0:00:30]} Qb5 {[%emt 0:01:56]} 41. Qf5+ {[%emt 0:01:22]} Qxf5 {[%emt 0:00:26]} 42. gxf5 {[%emt 0:00:01]} Re4 {[%emt 0:00:09]} 43. Ra4 {[%emt 0:00:43]} Rf4 {[%emt 0:04:05]} 44. Kg3 {[%emt 0:00:27]} Rxf5 {[%emt 0:00:02]} 45. Rxa6 {[%emt 0:00:06]} Rd5 {[%emt 0:00:03]} 46. Ra4 {[%emt 0:00:10]} Kg6 {[%emt 0:00:35]} 47. Kf4 {[%emt 0:00:17]} Rf5+ {[%emt 0:00:57]} 48. Kg3 {[%emt 0:01:34]} Kf6 {[%emt 0:00:27]} 49. f4 {[%emt 0:00:27]} g6 {[%emt 0:00:54]} 50. Kg4 {[%emt 0:00:26]} Ke6 {[%emt 0:00:16]} 51. Ra7 {[%emt 0:00:33]} Rd5 {[%emt 0:00:22]} 52. Ra4 {[%emt 0:00:11]} Rb5 {[%emt 0:00:27]} 53. Ra7 {[%emt 0:00:16]} Kf6 {[%emt 0:01:33]} 54. Ra6 {[%emt 0:00:16]} Ke7 {[%emt 0:00:30]} 55. Ra7+ {[%emt 0:00:10]} Ke6 {[%emt 0:00:03]} 56. h4 {[%emt 0:00:19]} Kf6 {[%emt 0:00:32]} 57. Ra6 {[%emt 0:00:48]} Ke7 {[%emt 0:00:04]} 58. Ra4 {[%emt 0:00:51]} Rb1 {[%emt 0:00:41]} 59. Ra7+ {[%emt 0:01:18]} Kf6 {[%emt 0:00:12]} 60. Ra6 {[%emt 0:00:33]} Ke6 {[%emt 0:00:28]} 61. Ra7 {[%emt 0:00:30]} Rd1 {[%emt 0:00:22]} 62. Ra4 {[%emt 0:00:27]} Rg1+ {[%emt 0:01:35]} 63. Kf3 {[%emt 0:00:09]} Kd5 {[%emt 0:00:48]} 64. h5 {[%emt 0:00:58]} gxh5 {[%emt 0:00:30]} 65. Ra5+ {[%emt 0:00:20]} Kxd4 {[%emt 0:00:03]} 66. Rf5 {[%emt 0:00:41]} Ra1 {[%emt 0:04:09]} 67. Rxf7 {[%emt 0:00:19]} Ra3+ {[%emt 0:00:03]} 68. Kg2 {[%emt 0:00:39]} Ke4 {[%emt 0:00:02]} 69. f5 {[%emt 0:00:23]} d5 {[%emt 0:02:11]} 70. f6 {[%emt 0:00:23]} Ra6 {[%emt 0:00:03]} 71. Re7+ {[%emt 0:00:42]} Kd4 {[%emt 0:00:11]} 72. f7 {[%emt 0:00:31]} Rf6 {[%emt 0:00:02]} 73. Kg3 {[%emt 0:00:29]} Rf5 {[%emt 0:00:26]} 74. Kh4 {[%emt 0:00:20]} Kc4 {[%emt 0:00:31]} 75. Rc7+ {[%emt 0:00:32]} Kd3 {[%emt 0:00:23]} 76. Re7 {[%emt 0:00:31]} d4 {[%emt 0:00:07]} 77. Rd7 {[%emt 0:00:31]} Kc3 {[%emt 0:00:30]} 78. Rc7+ {[%emt 0:00:20]} Kd2 {[%emt 0:00:06]} 79. Rd7 {[%emt 0:00:22]} d3 {[%emt 0:00:41]} 80. Re7 {[%emt 0:00:16]} Kd1 {[%emt 0:00:32]} 81. Rd7 {[%emt 0:00:43]} d2 {[%emt 0:02:14]} 82. Re7 {[%emt 0:00:11]} Kc1 {[%emt 0:01:00]} 83. Rc7+ {[%emt 0:00:02]} Kb1 {[%emt 0:00:02]} 84. Rd7 {[%emt 0:00:38]} Kc2 {[%emt 0:00:03]} 85. Rc7+ {[%emt 0:00:04]} Kb2 {[%emt 0:00:03]} 86. Rd7 {[%emt 0:00:15]} Kc3 {[%emt 0:00:11]} 87. Rc7+ {[%emt 0:00:10]} Kd3 {[%emt 0:00:11]} 88. Rd7+ {[%emt 0:00:05]} Ke3 {[%emt 0:00:10]} 89. Re7+ {[%emt 0:00:11]} Kf3 {[%emt 0:01:59]} 90. Rd7 {[%emt 0:00:08]} Rf4+ {[%emt 0:00:49]} 91. Kxh5 {[%emt 0:00:15]} Ke2 {[%emt 0:00:15]} 1/2-1/2

[Event "ESP-chT Primera Division 2019"]
[Site "Linares"]
[Date "2019.09.01"]
[Round "7.23"]
[White "Gomez Dieguez, David"]
[Black "Llobell Cortell, Enrique"]
[Result "1/2-1/2"]
[WhiteElo "2296"]
[BlackElo "2400"]
[Annotator "NA"]
[PlyCount "60"]
[EventDate "2019.08.26"]
[EventType "team-tourn"]
[EventCountry "ESP"]
[SourceTitle "playchess.com"]
[Source "ChessBase"]
[SourceQuality "1"]
[TimeControl "5400+30"]

1. e4 {[%emt 0:00:00]} c5 {[%emt 0:00:00]} 2. Nc3 {[%emt 0:00:00]} e6 {[%emt 0:02:42]} 3. Nf3 {[%emt 0:00:00]} a6 {[%emt 0:02:08]} 4. g3 {[%emt 0:00:00]} b5 {[%emt 0:01:31]} 5. d4 {[%emt 0:00:00]} cxd4 {[%emt 0:00:10]} 6. Nxd4 {[%emt 0:00:00]} Bb7 {[%emt 0:01:08]} 7. Bg2 {[%emt 0:00:00]} b4 {[%emt 0:05:08]} 8. Na4 {[%emt 0:00:00]} Nf6 {[%emt 0:01:18]} 9. O-O {[%emt 0:00:01]} Bxe4 {[%emt 0:01:27]} 10. Bxe4 {[%emt 0:02:00]} Nxe4 {[%emt 0:00:11]} 11. c3 {[%emt 0:00:01]} bxc3 {[%emt 0:19:16]} 12. Re1 {[%emt 0:00:04]} Nf6 {[%emt 0:01:45]} 13. Qb3 {[%emt 0:00:09]} Nc6 {[%emt 0:24:54]} 14. Nxc6 {[%emt 0:09:25]} dxc6 {[%emt 0:00:05]} 15. Rd1 {[%emt 0:15:13]} Qb8 {[%emt 0:14:46]} 16. Nb6 {[%emt 0:02:50]} c2 {[%emt 0:00:12]} 17. Rd2 {[%emt 0:04:52]} Ra7 {[%emt 0:04:40]} 18. Rxc2 {[%emt 0:01:46]} Qb7 {[%emt 0:13:33]} 19. Be3 {[%emt 0:07:49]} Be7 {[%emt 0:00:16]} 20. Rac1 {[%emt 0:01:05]} O-O {[%emt 0:00:36]} 21. Rxc6 {[%emt 0:01:48]} Bd8 {[%emt 0:00:01]} 22. Nc8 {[%emt 0:19:01]} Qxb3 {[%emt 0:00:17]} 23. axb3 {[%emt 0:00:04]} Ra8 {[%emt 0:01:59]} 24. b4 {[%emt 0:02:15]} Nd5 {[%emt 0:00:41]} 25. Bc5 {[%emt 0:00:18]} Bg5 {[%emt 0:02:01]} 26. Bxf8 {[%emt 0:04:08]} Bxc1 {[%emt 0:00:03]} 27. Bxg7 {[%emt 0:00:43]} Kxg7 {[%emt 0:00:14]} 28. Rxc1 {[%emt 0:00:02]} Rb8 {[%emt 0:01:39]} 29. Rc6 {[%emt 0:04:52]} Nxb4 {[%emt 0:00:41]} 30. Rb6 {[%emt 0:00:07]} Rxc8 1/2-1/2

[Event "ESP-chT Primera Division 2019"]
[Site "Linares"]
[Date "2019.09.01"]
[Round "7.24"]
[White "Garcia Martin, Marta"]
[Black "Hernandez Estevez, Yudania"]
[Result "0-1"]
[WhiteElo "2313"]
[BlackElo "2247"]
[Annotator "NA"]
[PlyCount "144"]
[EventDate "2019.08.26"]
[EventType "team-tourn"]
[EventCountry "ESP"]
[SourceTitle "playchess.com"]
[Source "ChessBase"]
[SourceQuality "1"]
[TimeControl "5400+30"]

1. e4 {[%emt 0:00:00]} c6 {[%emt 0:00:00]} 2. Nf3 {[%emt 0:00:08]} d5 {[%emt 0:00:00]} 3. Nc3 {[%emt 0:00:05]} Bg4 {[%emt 0:00:00]} 4. h3 {[%emt 0:00:04]} Bxf3 {[%emt 0:00:00]} 5. Qxf3 {[%emt 0:00:35]} e6 {[%emt 0:00:00]} 6. Be2 Nf6 {[%emt 0:03:24]} 7. O-O {[%emt 0:00:00]} Nbd7 {[%emt 0:01:50]} 8. d4 {[%emt 0:00:23]} dxe4 {[%emt 0:00:29]} 9. Nxe4 {[%emt 0:00:05]} Nxe4 {[%emt 0:00:04]} 10. Qxe4 {[%emt 0:00:06]} Nf6 {[%emt 0:00:32]} 11. Qd3 {[%emt 0:01:06]} Bd6 {[%emt 0:03:36]} 12. Rd1 {[%emt 0:14:36]} Qc7 {[%emt 0:00:46]} 13. c4 {[%emt 0:12:45]} Bf4 {[%emt 0:01:02]} 14. Bxf4 {[%emt 0:11:08]} Qxf4 {[%emt 0:00:08]} 15. Qa3 {[%emt 0:00:06]} Ne4 {[%emt 0:17:09]} 16. Qe3 {[%emt 0:05:29]} Qxe3 {[%emt 0:01:31]} 17. fxe3 {[%emt 0:00:05]} Nf6 {[%emt 0:00:34]} 18. b4 {[%emt 0:15:23]} O-O-O {[%emt 0:11:18]} 19. Bf3 {[%emt 0:02:04]} Rhe8 {[%emt 0:02:15]} 20. e4 {[%emt 0:09:31]} e5 {[%emt 0:00:51]} 21. d5 {[%emt 0:00:06]} cxd5 {[%emt 0:00:09]} 22. exd5 {[%emt 0:00:24]} e4 {[%emt 0:00:10]} 23. Be2 {[%emt 0:00:07]} b5 {[%emt 0:00:06]} 24. Rac1 {[%emt 0:10:06]} Kb8 {[%emt 0:04:44]} 25. d6 {[%emt 0:08:31]} bxc4 {[%emt 0:03:42]} 26. Bxc4 {[%emt 0:05:18]} e3 {[%emt 0:07:26]} 27. Bxf7 {[%emt 0:00:05]} Re4 {[%emt 0:01:10]} 28. Bc4 {[%emt 0:03:26]} e2 {[%emt 0:02:06]} 29. Re1 {[%emt 0:00:13]} Rc8 {[%emt 0:00:16]} 30. Bxe2 {[%emt 0:02:26]} Rxc1 {[%emt 0:00:16]} 31. Rxc1 {[%emt 0:00:03]} Rxe2 {[%emt 0:00:07]} 32. Rc7 {[%emt 0:00:58]} Rxa2 {[%emt 0:13:13]} 33. Rxg7 {[%emt 0:00:05]} Rd2 {[%emt 0:00:09]} 34. g4 {[%emt 0:00:05]} Rxd6 {[%emt 0:00:35]} 35. g5 {[%emt 0:00:11]} Ne4 {[%emt 0:02:51]} 36. h4 {[%emt 0:00:45]} h6 {[%emt 0:01:54]} 37. gxh6 {[%emt 0:01:27]} Rxh6 {[%emt 0:00:06]} 38. Rg4 {[%emt 0:00:04]} Nf6 {[%emt 0:00:36]} 39. Rd4 {[%emt 0:00:14]} Kc7 {[%emt 0:01:04]} 40. Kg2 {[%emt 0:00:17]} Rh5 {[%emt 0:04:13]} 41. Rf4 {[%emt 0:00:52]} Nd5 {[%emt 0:00:30]} 42. Rd4 {[%emt 0:00:28]} Rf5 {[%emt 0:00:36]} 43. Kg3 {[%emt 0:00:35]} Nf6 {[%emt 0:00:08]} 44. Rd1 {[%emt 0:00:58]} Kb6 {[%emt 0:01:03]} 45. Re1 {[%emt 0:00:30]} Kb5 {[%emt 0:01:56]} 46. Re7 {[%emt 0:00:15]} a6 {[%emt 0:00:42]} 47. Rb7+ {[%emt 0:00:37]} Kc6 {[%emt 0:00:43]} 48. Rb8 {[%emt 0:00:38]} Rf1 {[%emt 0:02:02]} 49. Rh8 {[%emt 0:00:31]} Rf5 {[%emt 0:05:17]} 50. Rb8 {[%emt 0:00:11]} Kc7 {[%emt 0:01:10]} 51. Ra8 {[%emt 0:00:38]} Kb7 {[%emt 0:00:53]} 52. Rh8 {[%emt 0:00:35]} Rb5 {[%emt 0:01:07]} 53. Rf8 {[%emt 0:00:21]} Ne4+ {[%emt 0:02:45]} 54. Kh3 {[%emt 0:00:47]} Rxb4 {[%emt 0:00:18]} 55. h5 {[%emt 0:00:11]} Ng5+ {[%emt 0:00:35]} 56. Kg3 {[%emt 0:00:10]} Ne4+ {[%emt 0:02:28]} 57. Kh3 {[%emt 0:00:59]} Rb6 {[%emt 0:01:53]} 58. Rf7+ {[%emt 0:00:36]} Kc6 {[%emt 0:00:37]} 59. Rg7 {[%emt 0:00:34]} Kd5 {[%emt 0:00:15]} 60. Kg4 {[%emt 0:00:29]} Rf6 {[%emt 0:02:24]} 61. Ra7 {[%emt 0:00:26]} Ke5 {[%emt 0:00:12]} 62. Re7+ {[%emt 0:00:12]} Kd4 {[%emt 0:00:09]} 63. Rb7 {[%emt 0:00:30]} a5 {[%emt 0:00:40]} 64. Ra7 {[%emt 0:00:26]} Nf2+ {[%emt 0:01:34]} 65. Kg5 {[%emt 0:00:22]} Ne4+ {[%emt 0:00:23]} 66. Kg4 {[%emt 0:00:06]} Ke3 {[%emt 0:00:45]} 67. Rxa5 {[%emt 0:01:20]} Rf4+ {[%emt 0:00:15]} 68. Kh3 {[%emt 0:00:03]} Nf2+ {[%emt 0:00:29]} 69. Kg2 {[%emt 0:00:42]} Rg4+ {[%emt 0:00:35]} 70. Kh2 {[%emt 0:00:44]} Kf3 {[%emt 0:01:06]} 71. Rf5+ {[%emt 0:00:38]} Ke2 {[%emt 0:00:15]} 72. h6 {[%emt 0:00:33]} Kf1 {[%emt 0:00:08]} 0-1